| 000 | 00777nam a2200217 u 4500 | ||
|---|---|---|---|
| 005 | 20210223132102.0 | ||
| 008 | 130522s2011 mx r 000 0 spa d | ||
| 020 | _a9788496867826 | ||
| 035 | _aUPN01000191259 | ||
| 049 | _aCG | ||
| 050 | 4 |
_aBL820 P6.8 _bK4.5 |
|
| 100 | 1 |
_aKerényi, Karl, _d1897-1973 _933807 |
|
| 245 | 1 | 0 |
_aPrometeo : _binterpretación griega de la existencia humana / _cKarl Kerényi ; tr. Brigitte Kiemann. |
| 260 |
_aMéxico : _bSextopiso, _c2011. |
||
| 300 | _a146 p. | ||
| 440 | 0 |
_aImágenes primigenias de la religión griega ; _v4 |
|
| 534 |
_pTítulo original: _tUrbilder der griechischen religion : mysterien der Kariben |
||
| 650 | 4 |
_aPROMETEO (DIOS GRIEGO) _922078 |
|
| 650 | 4 |
_aARQUETIPO (PSICOLOGIA) EN LA LITERATURA _922079 |
|
| 905 | _aLibro | ||
| 999 |
_c163362 _d163362 |
||